| 000 | 01218nam a2200241 a 4500 | ||
|---|---|---|---|
| 003 | PILC | ||
| 005 | 20241030154453.0 | ||
| 008 | 140503s2003 xx 00 eng d | ||
| 010 | _aAcc#43787 | ||
| 020 | _a0830824073 | ||
| 040 | _cPhilippine Baptist Theological Seminary | ||
| 050 |
_aBV 2061 _bP437 2003 |
||
| 100 | 1 | 0 | _aPeskett, Howard |
| 245 | 1 | 4 |
_aThe message of mission : _bthe glory of Christ in all time and space / _cHoward Peskett, Vinoth Ramachandra. |
| 260 | 0 |
_aChicago, IL : _bInter-Varsity Press, _c2003. |
|
| 300 | _a288 p. ; 21 cm. | ||
| 440 | 0 | _aThe Bible Speaks Today | |
| 500 | _aIncludes study guide: p. 277-288. | ||
| 505 | _aPart 1 World horizons The glory of Christ Life and dominion The incomparable God The word made flesh Part 2 The international purposes of God Chosen to bless A distinctive people A resentful servant A ready servant Part 3 Three-in-one mission The freedom Jesus brings The mandate Jesus gives The way Jesus commands The spirit of mission A model of mission Part 4 Doxology The consummation of creation's song Certainties of the new covenant | ||
| 650 |
_aMISSIONS _xBIBLICAL TEACHING. |
||
| 700 | 1 | _aRamachandra, Vinoth | |
| 942 |
_cCB _2lcc |
||
| 999 |
_c21081 _d21081 |
||